Odgadnij kraj z podpowiedzią - edycja piłkarska #2 - Statystyki

Ogólne statystyki
  • Ten quiz został rozwiązany 41 razy
  • Średni wynik to 6 z 10
Statystyki odpowiedzi
Podpowiedź Kraj % Poprawnych
Z tego kraju pochodzą kluby Botew Płodiw i Spartak Warna Bułgaria
91%
Ten kraj zadebiutował na MŚ w 2022 roku Katar
89%
W Finale Ligi Mistrzów w sezonie 2013/14 zagrały kluby z tego państwa Hiszpania
83%
Klub z tego kraju wygrał Azjatycką Ligę Mistrzów w 2023 roku Japonia
71%
Z tego kraju pochodzi obecny trener reprezentacji Urugwaju (Marcelo Bielsa) Argentyna
69%
Z reprezentacją tego kraju grała Polska na MŚ w 1938 roku Brazylia
63%
W klubie z tego kraju gra obecnie Dries Mertens Turcja
60%
Ten kraj wygrał ostatnią edycję Pucharu Konfederacji Niemcy
26%
W tym kraju odbył się Finał Ligi Konferencji Europy w sezonie 2022/23 Czechy
20%
Mecz z reprezentacją tego kraju był dotychczas ostatnim, którego San Marino nie przegrało Saint Lucia
3%
Nie znaleziono quizów pasujących do podanych kryteriów
Rozkład punktacji
Procent ludzi z każdym wynikiem
Percentyl według liczby udzielonych odpowiedzi
Twoja historia wyników
Nie rozwiązałeś tego quizu